Poets in a landscape (Record no. 11140)
[ view plain ]
| 000 -LEADER | |
|---|---|
| fixed length control field | 00300 a2200109 4500 |
| 005 - DATE AND TIME OF LATEST TRANSACTION | |
| control field | 20191017174101.0 |
| 084 ## - OTHER CLASSIFICATION NUMBER | |
| Classification number | PA6047 .H5 |
| 245 ## - TITLE STATEMENT | |
| Title | Poets in a landscape |
| Medium | |
| 250 ## - EDITION STATEMENT | |
| Edition statement | [1st ed.] |
| 260 ## - PUBLICATION, DISTRIBUTION, ETC. | |
| Place of publication, distribution, etc. | nyu |
| Name of publisher, distributor, etc. | Knopf |
| Date of publication, distribution, etc. | 1957 |
| 300 ## - PHYSICAL DESCRIPTION | |
| Extent | 267 p. illus. 25 cm. |
| Other physical details | 267 p. illus. 25 cm. |
| Dimensions | 267 p. illus. 25 cm. |
| 700 ## - ADDED ENTRY--PERSONAL NAME | |
| Personal name | Highet, Gilbert |
No items available.